[Event "Bosnjaci op 27th"]
[Site "Bosnjaci"]
[Date "2023.01.03"]
[Round "1"]
[White "Culum, Sanjin"]
[Black "Vukojevic, Toni"]
[Result "1-0"]
[WhiteElo "2242"]
[BlackElo "1714"]
[PlyCount "69"]
[EventDate "2023.01.03"]
[EventType "swiss"]
[EventRounds "9"]
[EventCountry "CRO"]
[SourceTitle "CBM 212 Extra"]
[Source "ChessBase"]
[SourceDate "2023.03.31"]
[SourceVersion "1"]
[SourceVersionDate "2023.03.31"]
[SourceQuality "1"]

1. d4 d5 2. Nf3 Nf6 3. g3 e6 4. c4 b6 5. Bg2 Bb7 6. cxd5 exd5 7. 0-0 Be7 8. Nc3 0-0 9. Ne5 Nbd7 10. Qa4 Nb8 11. Rd1 c6 12. Bf4 b5 13. Qc2 Nbd7 14. Rac1 Nb6 15. b3 Nfd7 16. Nd3 a5 17. e4 Rc8 18. Bh3 b4 19. Na4 Nxa4 20. bxa4 Ba6 21. Ne5 Nxe5 22. Bxe5 Ra8 23. Qxc6 f6 24. Bc7 Qe8 25. Be6+ Kh8 26. Qxe8 Rfxe8 27. Bxd5 Be2 28. Re1 Ra7 29. Rxe2 Rc8 30. Rec2 b3 31. axb3 Bd8 32. Bxd8 Rxd8 33. Rc8 Rad7 34. Rxd8+ Rxd8 35. Be6 1-0